[Event "45th FIDE Chess Olympiad - Women's Sect"]
[Site "Budapest, Hungary"]
[Date "2024.09.12"]
[Round "2.17"]
[White "Laamim, Roaa"]
[Black "Oyenga, Justine Anassika"]
[Result "1-0"]
[WhiteElo "1879"]
[BlackElo "1503"]
[PlyCount "65"]
[EventDate "2024.??.??"]
[WhiteTeam "Morocco"]
[BlackTeam "Togo"]
[WhiteTeamCountry "MAR"]
[BlackTeamCountry "TOG"]
[WhiteClock "1:07:53"]
[BlackClock "0:07:37"]

1. e4 e5 2. Nf3 Nc6 3. d4 exd4 4. Nxd4 Nf6 5. Nc3 Bc5 6. Be3 Bb4 7. Nxc6 bxc6 8. Bd3 d5 9. exd5 cxd5 10. O-O O-O 11. h3 d4 $146 ({RR} 11... Bb7 12. Bg5 Re8 13. Qf3 Re6 14. Ne2 Rb6 15. Rad1 h6 16. Bc1 Bd6 17. Nd4 c5 18. Nf5 c4 19. Nxd6 Rxd6 20. Bxc4 Ne4 21. Bb3 a5 22. Rd4 Rf6 23. Qh5 Raa6 24. Bxd5 Rad6 25. Bxe4 Rxd4 26. Bxb7 {Khamrakulov,D (2451)-Demirtas,H (1750) Ordu 2017 1-0 (39)}) ({RR} 11... c6 12. Bf4 Bd6 13. Qf3 Bb7 14. Ne2 c5 15. c3 Rb8 16. Bxd6 Qxd6 17. Qg3 Qb6 18. b3 Rfe8 19. Nf4 Rbd8 20. Rfe1 a6 21. Rad1 Qa5 22. Rxe8+ Rxe8 23. Bb1 d4 24. b4 Qa4 25. Rc1 Qa3 26. Rf1 {Sivanandan,B (2185)-Subramanian,A (2033) Hull ENG 2024 1-0 (36)}) 12. Bxd4 Qxd4 13. Bxh7+ Nxh7 14. Qxd4 c5 15. Qe4 Rb8 16. Nd5 Bb7 17. Qc4 Bxd5 18. Qxd5 Nf6 19. Qf3 Rfe8 20. Rfd1 a6 21. a3 Ba5 22. b4 Bb6 23. g4 c4 24. Re1 Rbc8 25. Qb7 Bd4 26. Rad1 Rcd8 27. Rxe8+ Nxe8 28. Kf1 Nf6 29. c3 Rd7 30. Qc8+ Kh7 31. Rxd4 Rxd4 32. cxd4 c3 33. Qxc3 1-0

[Event "45th FIDE Chess Olympiad - Women's Sect"]
[Site "Budapest, Hungary"]
[Date "2024.09.12"]
[Round "2.23"]
[White "Yeshey lhaden"]
[Black "Chen, I-Chen"]
[Result "0-1"]
[WhiteElo "1514"]
[BlackElo "1771"]
[PlyCount "86"]
[EventDate "2024.??.??"]
[WhiteTeam "Bhutan"]
[BlackTeam "Chinese Taipei"]
[WhiteTeamCountry "BTN"]
[WhiteClock "0:11:50"]
[BlackClock "0:07:32"]

1. d4 Nf6 2. Bf4 e6 3. e3 d5 4. a3 ({RR} 4. Be2 Bd6 5. Nf3 O-O 6. Nbd2 b6 7. a4 a5 8. Ne5 Ba6 9. O-O c5 10. Bg5 Bxe2 11. Qxe2 Nbd7 12. f4 Qc7 13. c3 Rfb8 14. Nb1 c4 15. Nd2 b5 16. axb5 a4 17. e4 a3 18. Bxf6 Nxf6 {Yearwood,R (2188)-Miller,B (1988) Calgary 2011 1-0}) 4... c5 ({RR} 4... Bd6 5. Bxd6 Qxd6 6. Nf3 O-O 7. c4 dxc4 8. Bxc4 Bd7 9. O-O Bc6 10. Nc3 a6 11. Re1 Nbd7 12. e4 Ng4 13. h3 Nh6 14. d5 Nb6 15. dxc6 Qxd1 16. Raxd1 Nxc4 17. Rd7 bxc6 18. Rxc7 Rfc8 19. Rxc8+ {Giro Castellet,E (1766)-Vazquez Sanchez,J (1663) Llinars del Valles ESP 2024 1-0 (60)}) 5. Bb5+ Nc6 6. Nf3 Qb6 $146 ({RR} 6... a6 7. Bxc6+ bxc6 8. O-O Be7 9. Ne5 Bd7 10. Nd2 O-O 11. c3 cxd4 12. cxd4 c5 13. a4 cxd4 14. exd4 Qb6 15. Nb3 Rfc8 16. Qd3 Be8 17. Rfe1 Rab8 18. Nd2 Qb4 19. b3 Rc3 20. Qxa6 Qxd4 21. Bg5 {Chaolumengerile-Zhou,S (1800) Hohhot CHN 2023 0-1 (46)}) 7. Nc3 a6 8. Bxc6+ bxc6 9. Na4 Qa5+ 10. c3 c4 11. b4 Qd8 12. Ne5 Bd7 13. O-O a5 14. Qc2 Be7 15. Rfb1 O-O 16. Nc5 Qc8 17. a4 h6 18. bxa5 Bxc5 19. dxc5 Rxa5 20. Rb6 Ne4 21. Rab1 Ra8 22. Qb2 Nxc5 23. Qa3 Nb3 24. Qe7 Qd8 25. Qxd7 Qxb6 26. Nxc6 Ra6 27. Ne7+ Kh8 28. Be5 Qd8 29. Ng6+ Kg8 30. Ne7+ Kh7 31. Qb7 Qa8 32. Qc7 Ra7 33. Qd6 Rd8 34. Qa3 Rxa4 35. Qb2 Ra2 36. g3 Rxb2 37. Rxb2 Qa1+ 38. Kg2 Qxb2 39. h4 Nd2 40. Kh3 Qb1 41. Kg4 Qe4+ 42. Bf4 Qf3+ 43. Kh3 h5 0-1

[Event "45th FIDE Chess Olympiad - Women's Sect"]
[Site "Budapest, Hungary"]
[Date "2024.09.12"]
[Round "2.30"]
[White "Ibtihal Osman"]
[Black "Henry, Zahidu"]
[Result "1-0"]
[WhiteElo "1626"]
[BlackElo "1450"]
[PlyCount "63"]
[EventDate "2024.??.??"]
[WhiteTeam "Sudan"]
[BlackTeam "Dominica"]
[WhiteTeamCountry "SUD"]
[WhiteClock "0:55:26"]
[BlackClock "0:24:46"]

1. e4 c6 2. Nf3 d5 3. e5 Bg4 4. d4 e6 5. c3 c5 6. Be2 ({RR} 6. dxc5 Bxf3 7. Qxf3 Bxc5 8. Qg3 Ne7 9. Bd3 Nbc6 10. O-O Ng6 11. Re1 Qc7 12. Bxg6 hxg6 13. Nd2 O-O-O 14. Nf3 Rh5 15. b4 Bb6 16. Bg5 Rdh8 17. Qf4 Qd7 18. a4 Bc7 19. b5 Na5 20. Qb4 Nc4 {Sezdbekov,R (2251)-Aronyak,G (2529) Kazan RUS 2024 ½-½ (34)}) ({RR} 6. dxc5 Bxf3 7. Qxf3 Nd7 8. b4 Nxe5 9. Qg3 Ng6 10. Bb5+ Ke7 11. O-O a6 12. Ba4 Nh6 13. Bxh6 gxh6 14. Nd2 Bg7 15. Rac1 Be5 16. Qd3 Kf8 17. f4 Bxf4 18. g3 Bg5 19. Rce1 Kg7 20. Nf3 Rf8 {Yahi,M (1789)-Jiganchine,R (2205) chess.com INT 2024 0-1 (47)}) 6... Nc6 7. Be3 Qb6 8. Qd2 f6 $146 ({RR} 8... Bxf3 9. Bxf3 Rc8 10. O-O cxd4 11. cxd4 Nge7 12. Nc3 Nf5 13. Rfd1 Bb4 14. Rac1 O-O 15. Be2 Na5 16. g4 Nh4 17. f4 Nc4 18. Qe1 Nxe3 19. Qxh4 Nxd1 20. Rxd1 Bxc3 21. bxc3 Rxc3 22. f5 f6 23. fxe6 {Kamya,D (1703)-Gonza,S (2134) Kampala 2019 0-1}) ({RR} 8... Nge7 9. dxc5 Qc7 10. O-O Nf5 11. Bd4 Bxf3 12. Bxf3 Nxe5 13. Bxe5 Qxe5 14. Re1 Qc7 15. Bxd5 O-O-O 16. Bxe6+ fxe6 17. Qe2 Bxc5 18. Nd2 Rhe8 19. Rad1 Qf4 20. Nf3 Rxd1 21. Rxd1 g5 22. Qb5 Bxf2+ 23. Kxf2 {Eliezer,M-Diaz Franco,F (2078) Dos Hermanas 2004 0-1 (68)}) 9. O-O Bxf3 10. Bxf3 fxe5 11. dxc5 Qc7 12. Bh5+ g6 13. Bg4 Qd7 14. f4 e4 15. Bd4 Bg7 16. Bxg7 Qxg7 17. Bxe6 Nge7 18. Na3 a6 19. Rad1 Qf6 20. Bxd5 Rd8 21. Bxc6+ Nxc6 22. Qe3 Qe7 23. Nc4 O-O 24. Nd6 Rd7 25. Qxe4 Qf6 26. g3 h6 27. Rfe1 Kg7 28. Ne8+ Rxe8 29. Rxd7+ Re7 30. Rxe7+ Kf8 31. Rxb7 Nd8 32. Qe8# 1-0